LEADER 01252cam0 2200253 450 001 E600200053062 005 20200526084614.0 100 $a20090907d1959 |||||ita|0103 ba 101 $aita 102 $aIT 200 1 $aNuovo dizionario dei comuni e frazioni di comune con le circoscrizioni amministrative$eper ogni comune sono indicati$eprovincia, regione, popolazione, altitudine, distanze, posta, telegrafo, stazione ferroviaria, carabinieri, guardia di finanza, pretura, tribunale, corte d'appello, distretto militare, uffici del registro, imposte e dei registri immobiliari, sedi notarili, scuole, diocesi, esattorie delle imposte in sede$fa cura di A. Bruno 205 $a24 edizione 210 $aRoma$cDizionario Voghera dei Comuni$d1959 215 $aXLVIII, 403, 51 p.$d24 cm 702 1$aBruno, A.$3A600200056590$4070 801 0$aIT$bUNISOB$c20200526$gRICA 850 $aUNISOB 852 $aUNISOB$j910$m9552 912 $aE600200053062 940 $aM 102 Monografia moderna SBN 941 $aM 957 $a910$b000326$gSi$d9552$racquisto$1vittorini$2UNISOB$3UNISOB$420090907065335.0$520200526084600.0$6Alfano 996 $aNuovo dizionario dei comuni e frazioni di comune con le circoscrizioni amministrative$9290329 997 $aUNISOB